000
00329pam a2200157a 44500
008
230515b2012 xxu||||| |||| 00| 0 eng d
020
_a
NULL
041
_a
ENGLISH
082
_a
612/SEM
100
_a
MARYA
245
_a
MEDICAL PHYSIOLOGY
250
_a
3
260
_a
_b
C B S PUB
_c
2012
300
_a
686
650
_a
NULL
999
_c
563317
_d
563317